Strictly Come Dancing Dances - Statistics

General Stats
  • This quiz has been taken 254 times
  • The average score is 12 of 16
Answer Stats
Answer % Correct
Waltz
91%
Tango
90%
Samba
87%
Salsa
84%
Rumba
83%
Foxtrot
81%
Jive
80%
Charleston
77%
Cha-Cha-Cha
76%
American Smooth
75%
Argentine Tango
72%
Quickstep
72%
Viennese Waltz
70%
Paso Doble
67%
Couple's Choice
63%
Showdance
24%
No matching quizzes found
Score Distribution
Percent of People with Each Score
Percentile by Number Answered
Your Score History
You have not taken this quiz